00883 2200289 4500001002100000005001700021008004100038020002200079035002400101041000800125043001300133082001000146090001900156245017500175250001100350260003000361300003100391504001700422650002400439700001700463700001400480700003200494700001300526850001200539999002100551999002100572YOGYA-0711000000065920110714074224.0 ind  a978-602-98659-0-5 0010-071100000000659 aInd aYOPD DIY a331.4 aDEP 331.4bPer aPERLAWANAN buruh perempuan : Pengalaman yasanti dalam mendampingi buruh perempuan / penyunting, Istiatun, Titik Istiyawatun Khasanah ; editor, Haye Stanslaus, Nur Hardini aCet. 1 aYogyakartabYasantic2011 axiii, 150 hlmbilusc21 cm ahlm. 123-137 aTenaga kerja wanita aHardini, Nur aStanslaus aKhusanah, Titik Istiyawatun aIstiatun aYOPDYOG aCB-D.11-2011-388 aCB-D.11-2011-387